000 00559nam a2200193 a 4500
008 951211s1981||||[C 0 slo c
040 _aSNK
_bslo
_cSNK
_eAACR2
041 1 _aslo
_hslo
044 _axo
_cSK
080 _a885.4-3
100 1 _aDzvoník, Emil
_4aut
245 1 0 _aTetanus
_cEmil Dzvoník ; Danica Pavlíčková, Pavol Blažo
260 _aBratislava
_bSlovenský spisovateľ
_c1981
_eBanská Bystrica
_fTlačiarne SNP
500 _aIlustr. na predsádke a front.
700 1 _4bkd
700 1 _aBlažo, Pavol
_4bkd
020 _c18
958 _aA
999 _c10325
_d10325